Restoring civil societies in Central and Eastern Europe.

Sociologická štúdia o rozvoji občianskych spoločností v bývalých socialistických krajinách. Väčšia účasť populácie vo verejných aktivitách ako základný element rozvoja demokracie. Potreba a nutnosť silnej občianskej spoločnosti. Základné predpoklady a požiadavky obnovy občianskej spoločnosti. Úloha...

Ausführliche Beschreibung

Gespeichert in:
Bibliographische Detailangaben
1. Verfasser: Sandi, A.M
Format: Buchkapitel
Sprache:Englisch
Schlagworte:
Tags: Tag hinzufügen
Keine Tags, Fügen Sie das erste Tag hinzu!

MARC

LEADER 00000naa a2200000 4500
001 r008807
005 20221213084959.1
041 0 |a eng 
044 |a GB 
245 1 0 |a Restoring civil societies in Central and Eastern Europe.  |c A.M. Sandi 
520 |a Sociologická štúdia o rozvoji občianskych spoločností v bývalých socialistických krajinách. Väčšia účasť populácie vo verejných aktivitách ako základný element rozvoja demokracie. Potreba a nutnosť silnej občianskej spoločnosti. Základné predpoklady a požiadavky obnovy občianskej spoločnosti. Úloha medzinárodného spoločenstva. 
610 2 0 |a reformy sociálne 
610 2 0 |a stredná Európa 
610 2 0 |a východná Európa 
610 2 0 |a štúdie sociologické 
610 2 0 |a demokracia 
610 2 0 |a spoločnosť 
610 2 0 |a vývoj spoločenský 
100 1 |a Sandi, A.M.